000 02462nam0a2200385 i 4500
001 RU\NLR\bibl\2045060
005 20260408103016.0
010 _a9785794210132
_9200
021 _aRU
_b2013-40214
_92768
035 _a(nilc)RuMoRGB-006584302
035 _a(NLR Aleph) 002032259
090 _a4556160
_c4556160
100 _a20130527d2013 u y0rusy50 ca
101 0 _arus
102 _aRU
105 _aa zzzz|||||
200 1 _aСовершенствование институциональных и финансовых механизмов формирования и реализации инвестиционной политики государства
_eмонография
_f[доктора экон. наук, профессора Белоусова О. М., Бедринцев А. К., к.э.н. Дадашев А. З., Звягинцев П. С.]
_gФедерал. гос. образоват. бюджет. учреждение высш. проф. образования "Фин. ун-т при Правительстве Рос. Федерации (Фин. ун-т)", Каф. макроэкон. регулирования
210 _aМосква
_cФинансовый ун-т
_d2013
215 _a245 с.
_cил.
_d20
300 _aАвт. указаны в конце кн.
320 _aБиблиогр.: с. 223-227 (59 назв.) и в подстроч. примеч.
606 1 _aИнвестиционная деятельность
_xГосударственное регулирование
_yРоссийская Федерация
_92124666
_3RU\NLR\auth\661586314
686 _aУ9(2)-56-21(2Р)
701 1 _aБелоусова
_bО. М.
_gОльга Михайловна
_4070
701 1 _aБедринцев
_bА. К.
_gАлександр Кириллович
_4070
701 1 _aДадашев
_bА. З.
_gАлихан Заграбович
_4070
701 1 _aЗвягинцев
_bП. С.
_gПетр Семенович
_4070
712 0 2 _4570
_aФинансовый университет при Правительстве Российской Федерации
_bКафедра макроэкономического регулирования
_cМосква
_9370157
_3RU\NLR\AUTH\8810242151
801 0 _aRU
_bRuMoRKP
_c20130527
_gRCR
801 2 _aRU
_bРГБ
_c20130531
801 1 _aRU
_bRuMoRKP
_c20130527
_2rusmarc
801 2 _aRU
_bNLR
_c20130619
_grcr
942 _cBOOK
980 _aNBR